00868 a2200169 45000010006000000050017000060080041000230030015000640400040000790800124001192450025002432640080002683000019003485050288003671000022006557000021006775419820260407155812.0260407a1963 arg spa dAR-UNSa-BCEJYS aAR-UNSa-BCEJYSbspacAR-UNSa-BCEJYS a330.101xCiencia económica en general. La economía y sus problemas. Objeto y métodos de la economía política 10aEconomistas modernos 1aMéxico :bUnión Tipográfica Editorial Hispano-Americana (UTEHA)c1963 a306 p.c17 cm. a1. Esquemas teóricos y "mundo real" - 2. El mercado en sus formas concretas - 3. Teorías y políticas de la ocupación y del desarrollo - 4. La aportación de las investigaciones cuantitativas y de las nuevas técnicas - 5. Investigación económica y aspiraciones sociales1 aCaffé, Federico1 aSamper, Baltasar